00313cam a22000977a 4500008004000000082001700040245006700057260005000124300000900174700003200183180718b1949 xxu||||| |||| 00| 0 eng d aK5x42 Un3d/2 aInitial training of volunteerscby Home Office, United kingdom aLondonbHer Majesty's Stationery Officec1949 a14p. aUnited Kingdom. Home Office